00000000nam##2200000za#4500
0019.600466
003CaOODSP
00520210624205608
007cr |||||||||||
008150406|2000||||xxc|||||o    f|0| 0 fre|d
040 |aCaOODSP|bfre
043 |an-cn---
0861 |aBT31-4/46-2000F-PDF
1101 |aCanada. |bConseil du trésor.
24510|aConseil de recherches médicales du Canada, rapport sur le rendement pour la période se terminant le 31 mars 2000 |h[ressource électronique]
260 |aOttawa - Ontario : |bSecrétariat du Conseil du Trésor du Canada |cc2000.
300 |a58p.|bfigures (certaines en couleur), graphiques, organigramme, tableaux, photographies
4901 |aRapport sur le rendement pour la période se terminant le 31 mars 2000 |vPour la période se terminant le 31 mars 2000
500 |aLe n° de catalogue (BT31-4/46-2000) et l'ISBN (0-660-61409-X) de l'édition imprimée bilingue ont été incorrectement copiés dans cette édition électronique.
590 |a12-26-Supp|b2012-06-07
77508|tMedical Research Council of Canada, performance report for the period ending March 31, 2000 |w(CaOODSP)9.569237
7760#|tMedical Research Council of Canada |w(CaOODSP)9.534212
7760#|tConseil de recherches médicales du Canada |w(CaOODSP)9.534213
830#0|aRapport sur le rendement pour la période se terminant le 31 mars 2000 ;|vPour la période se terminant le 31 mars 2000|w(CaOODSP)9.502702
85640|ahttp://publications.gc.ca|qPDF|s2 Mo|uhttps://publications.gc.ca/collections/Collection/BT31-4-46-2000F.pdf|yPour la période se terminant le 31 mars 2000